Majority Spanish Speaking Countries with Map - Statistics

General Stats
  • This quiz has been taken 825 times
  • The average score is 20 of 22
Answers on the Map
Answers color-coded by a green-red scale on the quiz's map according to % correct below.
 
Answer Stats
% Answer % Correct
93% Mexico
97%
99% Argentina
96%
99% Chile
96%
99% Spain
96%
99% Colombia
94%
87% Paraguay
94%
87% Peru
94%
99% Uruguay
94%
88% Bolivia
93%
93% Panama
93%
99% Venezuela
93%
99% Cuba
92%
98% Ecuador
92%
100% El Salvador
92%
93% Guatemala
92%
100% Honduras
92%
99% Costa Rica
91%
97% Nicaragua
89%
100% Dominican Republic
87%
57% Belize
71%
88% Equatorial Guinea
65%
69% Andorra
59%
No matching quizzes found
Score Distribution
Percent of People with Each Score
Percentile by Number Answered
Your Score History
You have not taken this quiz